<?xml version="1.0" encoding="UTF-8"?>
<record
    xmlns:xsi="http://www.w3.org/2001/XMLSchema-instance"
    xsi:schemaLocation="http://www.loc.gov/MARC21/slim http://www.loc.gov/standards/marcxml/schema/MARC21slim.xsd"
    xmlns="http://www.loc.gov/MARC21/slim">

  <leader>04279cam a2200289   4500500</leader>
  <controlfield tag="005">20250123123215.0</controlfield>
  <datafield tag="041" ind1=" " ind2=" ">
    <subfield code="a">fre</subfield>
  </datafield>
  <datafield tag="042" ind1=" " ind2=" ">
    <subfield code="a">dc</subfield>
  </datafield>
  <datafield tag="100" ind1="1" ind2="0">
    <subfield code="a">Mastio, Catherine</subfield>
    <subfield code="e">author</subfield>
  </datafield>
  <datafield tag="245" ind1="0" ind2="0">
    <subfield code="a">&#xCA;tre psychologue &#xE0; l&#x2019;&#xE9;cole et travailler avec les enseignants</subfield>
  </datafield>
  <datafield tag="260" ind1=" " ind2=" ">
    <subfield code="c">2024.
							</subfield>
  </datafield>
  <datafield tag="500" ind1=" " ind2=" ">
    <subfield code="a">80</subfield>
  </datafield>
  <datafield tag="520" ind1=" " ind2=" ">
    <subfield code="a">Pour le psychologue de l&#x2019;&#xC9;ducation nationale, construire et maintenir un cadre d&#x2019;intervention coh&#xE9;rent &#xE0; l&#x2019;&#xE9;cole ne va pas de soi. Penser ensemble, en termes de m&#xE9;tacadre, les missions institutionnelles, la d&#xE9;ontologie de la profession et les r&#xE9;f&#xE9;rences th&#xE9;oriques choisies aide &#xE0; b&#xE2;tir ce cadre. Une des missions principales du psychologue de l&#x2019;EN porte sur l&#x2019;analyse des situations d&#x2019;enfants en grande difficult&#xE9; d&#x2019;apprentissage et en risque de d&#xE9;sinvestissement scolaire, dans un travail de liaison &#xE9;troite avec les enseignants. L&#x2019;auteure, psychologue de l&#x2019;&#xC9;ducation nationale de la sp&#xE9;cialit&#xE9; &#xC9;ducation, D&#xE9;veloppement et Apprentissage (EDA) pr&#xE9;sente une vignette clinique d&#x2019;enfant de Cours Pr&#xE9;paratoire en souffrance psychique et en risque de d&#xE9;crochage scolaire. En prenant appui sur le travail de recherche de Marie-Luce Verdier-Gibello, portant sur la pens&#xE9;e infantile et ses enjeux d&#xE9;veloppementaux, elle rend compte de la conduite de l&#x2019;examen psychologique, de son analyse et des pistes de travail possibles avec l&#x2019;enseignante de l&#x2019;enfant. Le m&#xE9;tacadre donne une coh&#xE9;sion d&#x2019;ensemble &#xE0; ces interventions.</subfield>
  </datafield>
  <datafield tag="520" ind1=" " ind2=" ">
    <subfield code="a">For the national Education psychologist, constructing and maintaining a coherent intervention framework at school is not straightforward. Thinking together, in terms of a meta-framework, about institutional missions, professional ethics, and chosen theoretical references helps to build this framework. One of the main missions of the EN (National Education) psychologist is to analyze situations of children with significant learning difficulties and at risk of school disengagement, in close liaison work with teachers. The author, a national Education psychologist specializing in Education, Development, and Learning (EDA), presents a clinical vignette of a child in Elementary School suffering from psychological distress and at risk of dropping out of school. Drawing on the research work of Marie-Luce Verdier-Gibello, focusing on child thought and its developmental stakes, she reports on the conduct of the psychological examination, its analysis, and possible avenues of work with the child&#x2019;s teacher. The meta-framework provides overall cohesion to these interventions.</subfield>
  </datafield>
  <datafield tag="520" ind1=" " ind2=" ">
    <subfield code="a">Para el psic&#xF3;logo de la Educaci&#xF3;n nacional, construir y mantener un marco de intervenci&#xF3;n coherente en la escuela no es algo evidente. Pensar juntos, en t&#xE9;rminos de un metamarco, sobre las misiones institucionales, la deontolog&#xED;a profesional y las referencias te&#xF3;ricas elegidas ayuda a construir este marco. Una de las misiones principales del psic&#xF3;logo de la EN (Educaci&#xF3;n Nacional) es analizar situaciones de ni&#xF1;os con grandes dificultades de aprendizaje y en riesgo de desvinculaci&#xF3;n escolar, en un trabajo de enlace estrecho con los profesores. La autora, psic&#xF3;loga de la Educaci&#xF3;n nacional especializada en Educaci&#xF3;n, Desarrollo y Aprendizaje (EDA), presenta una vi&#xF1;eta cl&#xED;nica de un ni&#xF1;o en la Escuela Primaria que sufre de angustia ps&#xED;quica y en riesgo de abandono escolar. Apoy&#xE1;ndose en el trabajo de investigaci&#xF3;n de Marie-Luce Verdier-Gibello, centrado en el pensamiento infantil y sus desaf&#xED;os evolutivos, relata la realizaci&#xF3;n del examen psicol&#xF3;gico, su an&#xE1;lisis y las posibles l&#xED;neas de trabajo con la maestra del ni&#xF1;o. El metamarco proporciona una cohesi&#xF3;n general a estas intervenciones.</subfield>
  </datafield>
  <datafield tag="690" ind1=" " ind2=" ">
    <subfield code="a">psychologues &#xC9;ducation nationale</subfield>
  </datafield>
  <datafield tag="690" ind1=" " ind2=" ">
    <subfield code="a">m&#xE9;tacadre</subfield>
  </datafield>
  <datafield tag="690" ind1=" " ind2=" ">
    <subfield code="a">grande difficult&#xE9; scolaire</subfield>
  </datafield>
  <datafield tag="690" ind1=" " ind2=" ">
    <subfield code="a">collaboration enseignants-psychologues</subfield>
  </datafield>
  <datafield tag="690" ind1=" " ind2=" ">
    <subfield code="a">collaboration</subfield>
  </datafield>
  <datafield tag="690" ind1=" " ind2=" ">
    <subfield code="a">National Education psychologists</subfield>
  </datafield>
  <datafield tag="690" ind1=" " ind2=" ">
    <subfield code="a">significant school difficulties</subfield>
  </datafield>
  <datafield tag="690" ind1=" " ind2=" ">
    <subfield code="a">teacher</subfield>
  </datafield>
  <datafield tag="690" ind1=" " ind2=" ">
    <subfield code="a">meta</subfield>
  </datafield>
  <datafield tag="786" ind1="0" ind2=" ">
    <subfield code="n">La psychiatrie de l'enfant | 67 | 1 | 2024-05-17 | p. 51-65 | 0079-726X</subfield>
  </datafield>
  <datafield tag="856" ind1="4" ind2="1">
    <subfield code="u">https://shs.cairn.info/revue-la-psychiatrie-de-l-enfant-2024-1-page-51?lang=fr&amp;redirect-ssocas=7080</subfield>
  </datafield>
  <datafield tag="999" ind1=" " ind2=" ">
    <subfield code="c">804479</subfield>
    <subfield code="d">804479</subfield>
  </datafield>
</record>
